000065553 001__ 65553
000065553 005__ 20180219131717.0
000065553 037__ $$aTAZ-TFG-2017-756
000065553 041__ $$aspa
000065553 1001_ $$aRodríguez Granda, Sofía
000065553 24200 $$aBreast cancer and augmentation mammoplasty
000065553 24500 $$aCáncer de mama y mamoplastia de aumento
000065553 260__ $$aZaragoza$$bUniversidad de Zaragoza$$c2017
000065553 500__ $$aResumen disponible también en inglés.
000065553 506__ $$aby-nc-sa$$bCreative Commons$$c3.0$$uhttp://creativecommons.org/licenses/by-nc-sa/3.0/
000065553 520__ $$aEn la actualidad, la cirugía de aumento mamario es el procedimiento quirúrgico estético más realizado. Por otro lado, la incidencia de carcinomas mamarios en la población general  es cada vez mayor.  Cabe esperar, por tanto, que el hallazgo de tumores mamarios en mamas con prótesis sea más frecuente con el paso de los años. Objetivo: evaluar la incidencia de tumores mamarios en mujeres portadoras de prótesis con fines cosméticos y estudiar si estas pueden interferir en el diagnóstico, tratamiento  y supervivencia del cáncer.  Método: se realizó una revisión bibliográfica utilizando las principales   fuentes de información virtuales y bases de datos biomédicas (Pubmed, Scholar GoogleyScielo) desde el año 2006 hasta el 2017, tanto en inglés como en español. Se aceptaron los artículos  más recientes y relevantes  sobre la materia.  Resultados: tres grandes cohortes fueron examinadas para demostrar que no existe relación entre tumores mamarios e implantes.  Un estudio realizado en California a 3922 pacientes analizó el estadio, tamaño, histología y diagnostico mediante exploración física, concluyendo que las pacientes con implantes presentan más lesiones palpables, más lesiones infiltrantes y tumores de similar tamaño y estadio que la población general. Conclusiones: las mujeres que se han sometido a una mastoplastia de aumento presentan con mayor frecuencia lesiones palpables, tienen una incidencia ligeramente menor de lesiones in situ y presentan  mayor probabilidad de ganglios linfáticos positivos. No existen diferencias significativas en cuanto al pronóstico, estadio en el momento del diagnóstico, tamaño y malignidad tumoral en mujeres con  implantes y sin ellos. Palabras clave: Carcinomas mamarios e implantes.
000065553 521__ $$aGraduado en Medicina
000065553 540__ $$aDerechos regulados por licencia Creative Commons
000065553 700__ $$aGüemes Sánchez, Antonio$$edir.
000065553 7102_ $$aUniversidad de Zaragoza$$bCirugía, Ginecología y Obstetricia$$cCirugía
000065553 8560_ $$f658580@celes.unizar.es
000065553 8564_ $$s841005$$uhttps://zaguan.unizar.es/record/65553/files/TAZ-TFG-2017-756.pdf$$yMemoria (spa)
000065553 909CO $$ooai:zaguan.unizar.es:65553$$pdriver$$ptrabajos-fin-grado
000065553 950__ $$a
000065553 951__ $$adeposita:2018-02-17
000065553 980__ $$aTAZ$$bTFG$$cMED